000
00209nam a22000857a 4500
008
160817b xxu||||| |||| 00| 0 eng d
100
_9
155
_a
Om kidz
245
_a
365 Jataka Tales
260
_a
New Delhi
_b
Om kidz
_c
2012
999
_c
2813
_d
2813